Presupuestos, contabilización y fiscalización en las corporaciones locales / Manuel Domínguez Alonso
ISBN:
84-7088-327-5
Descripción Física:
445 p., [4] f. de làm. pleg. ; 21 cm
Colección:
Manuales. Administración práctica
MARC
| LEADER | 00000nam a2200000Ia 4500 | ||
|---|---|---|---|
| 001 | 14427 | ||
| 008 | 160829s1983 xx 000 0 cat d | ||
| 020 | |a 84-7088-327-5 | ||
| 080 | |a M-4-239 | ||
| 100 | |a Domínguez Alonso, Manuel |9 24150 | ||
| 245 | |a Presupuestos, contabilización y fiscalización en las corporaciones locales / Manuel Domínguez Alonso | ||
| 260 | |a Madrid : |b Instituto de Estudios de Administración Local, |c 1983 | ||
| 300 | |a 445 p., [4] f. de làm. pleg. ; |c 21 cm | ||
| 490 | |a Manuales. Administración práctica | ||
| 650 | |a Pressupostos locals |x Espanya |9 24151 | ||
| 650 | |a Administració local |x Comptabilitat |x Espanya |9 24152 | ||
| 650 | |a Finances locals |x Espanya |9 24153 | ||
| 710 | 2 | |a Instituto de Estudios de Administración Local (Espanya) |9 54775 | |
| 901 | |a Arxiu | ||
| 942 | |n 1 | ||
| 952 | |0 0 |1 0 |4 0 |6 M4239 |7 1 |9 43002 |a Arxiu |b Arxiu |d 2016-12-01 |l 0 |o M-4-239 |p 14427 |r 2016-12-01 00:00:00 |w 2016-12-01 |y ARXIU | ||
| 999 | |c 45545 |d 45545 | ||